000
00318nam a22001457a 4500
008
230831b ||||| |||| 00| 0 eng d
020
_a
9780521217849
041
_a
eng
080
_a
610.73
082
_a
610.73JMZ
100
_a
6
101
_a
INF
245
_a
MODELS OF DISORDER
_c
J.M.Z.ZIMAN
942
_2
udc
_c
BK
999
_c
60215
_d
60215